000 01336nam a2200253 a 4500
005 20140311163043.0
008 121024s19uu xx 00 eng d
020 _a9781416049036
050 _aRT 41
_b.Ig24 2010
100 _aIgnatavicius, Donna D.
245 _aPatient-centered collaborative care approach to medical-surgical nursing :
_bvolume 1 /
_c[edited by] Donna D. Ignatavicius, M. Linda Workman.
250 _a6th ed. Philippine ed.
260 _aSingapore :
_bSaunders/Elsevier,
_c2010.
300 _a1819 p. :
_c26 cm.
500 _aRev. ed. of: Medical-surgical nursing : critical thinking for collaborative care. 5th ed. c2006. Includes index
520 _aThe sixth edition includes a new emphasis on clinical decision-making for patient-centered collaborative care and more streamlined and balanced coverage of the core body of knowledge needed for safe clinical practice. There is also expanded coverage of emergency and disaster preparedness along with an enhanced "Get Ready for the NCLEX Examination" feature that includes the addition of new NCLEX Challenge questions. --from publisher description
521 _aNUR
650 _aSurgical nursing
650 _aPerioperative nursing
650 _aMedical-Surgical nursing
700 _aWorkman, M. Linda
942 _cBK
_2lcc
_kFOR
999 _c39778
_d39778